Dora's book of manners / (Record no. 2209)
[ view plain ]
| 000 -LEADER | |
|---|---|
| fixed length control field | 01054cam a22003133a 4500 |
| 005 - DATE AND TIME OF LATEST TRANSACTION | |
| control field | 20231110110248.0 |
| 020 ## - INTERNATIONAL STANDARD BOOK NUMBER | |
| International Standard Book Number | 0689865333 |
| Qualifying information | 9781442420687 |
| 040 ## - CATALOGING SOURCE | |
| Original cataloging agency | IG# |
| Transcribing agency | IG# |
| Modifying agency | DLC |
| Language of cataloging | eng |
| 050 00 - LIBRARY OF CONGRESS CALL NUMBER | |
| Classification number | MLCS 2006/44771 |
| 082 04 - DEWEY DECIMAL CLASSIFICATION NUMBER | |
| Classification number | 395.122 |
| Edition number | 22 |
| 100 1# - MAIN ENTRY--PERSONAL NAME | |
| Personal name | Ricci, Christine |
| 245 10 - TITLE STATEMENT | |
| Title | Dora's book of manners / |
| Statement of responsibility, etc. | by Christine Ricci ; illustrated by Susan Hall. |
| 250 ## - EDITION STATEMENT | |
| Edition statement | This Simon Spotlight edition 2011 |
| 260 ## - PUBLICATION, DISTRIBUTION, ETC. | |
| Place of publication, distribution, etc. | New York : |
| Name of publisher, distributor, etc. | Simon Spotlight, |
| Date of publication, distribution, etc. | 2004 |
| 300 ## - PHYSICAL DESCRIPTION | |
| Extent | 22 unnumbered pages : |
| Other physical details | illustrations |
| Dimensions | 20x20 cm |
| 490 1# - SERIES STATEMENT | |
| Series statement | Dora the Explorer ; |
| Volume/sequential designation | 7 |
| 500 ## - GENERAL NOTE | |
| General note | "Based on the TV series Dora the Explorer as seen on Nick Jr"--T.p. verso. |
| 505 ## - FORMATTED CONTENTS NOTE | |
| Formatted contents note | H |
| 520 ## - SUMMARY, ETC. | |
| Summary, etc. | Dora and Boots help Mr. Troll mind his manners. |
| 521 ## - TARGET AUDIENCE NOTE | |
| Target audience note | 500 |
| Source | Lexile estimate |
| 521 ## - TARGET AUDIENCE NOTE | |
| Target audience note | H |
| Source | Raz-Plus |
| 650 #0 - SUBJECT ADDED ENTRY--TOPICAL TERM | |
| Topical term or geographic name entry element | Courtesy |
| Form subdivision | Juvenile fiction. |
| 650 #0 - SUBJECT ADDED ENTRY--TOPICAL TERM | |
| Topical term or geographic name entry element | Etiquette |
| Form subdivision | Juvenile fiction. |
| 650 #1 - SUBJECT ADDED ENTRY--TOPICAL TERM | |
| Topical term or geographic name entry element | Etiquette |
| Form subdivision | Fiction. |
| 700 ## - ADDED ENTRY--PERSONAL NAME | |
| Personal name | Hall, Susan |
| Relator term | illustrator |
| 906 ## - LOCAL DATA ELEMENT F, LDF (RLIN) | |
| a | 7 |
| b | cbc |
| c | copycat |
| d | 2 |
| e | ncip |
| f | 20 |
| g | y-gencatlg |
| 942 ## - ADDED ENTRY ELEMENTS (KOHA) | |
| Source of classification or shelving scheme | Dewey Decimal Classification |
| Koha item type | Books |
| Suppress in OPAC | No |
| 999 ## - | |
| -- | 2209 |
| -- | 2209 |
| Withdrawn status | Lost status | Source of classification or shelving scheme | Damaged status | Not for loan | Collection | Home library | Current library | Shelving location | Date acquired | Total Checkouts | Full call number | Barcode | Date last seen | Date last checked out | Price effective from | Koha item type |
|---|---|---|---|---|---|---|---|---|---|---|---|---|---|---|---|---|
| Dewey Decimal Classification | Juvenile Fiction | Footprints International School Library Network Toul Kork Campus | Footprints International School Library Network Toul Kork Campus | TK Primary Library Room(4th Floor), Bookcase 1&2, Shelves 1-16, Dark Blue Books | 11/10/2023 | 4 | RIC 395.122 MLCS 2006/44771 | FISTK04315 | 02/26/2025 | 02/19/2025 | 11/10/2023 | Books |
